<?xml version="1.0" encoding="UTF-8"?>
<record
    xmlns:xsi="http://www.w3.org/2001/XMLSchema-instance"
    xsi:schemaLocation="http://www.loc.gov/MARC21/slim http://www.loc.gov/standards/marcxml/schema/MARC21slim.xsd"
    xmlns="http://www.loc.gov/MARC21/slim">

  <leader>01251nam a22002537a 4500</leader>
  <controlfield tag="003">BI-BuBU</controlfield>
  <controlfield tag="008">180220b2014    iv ||||fr|||| 000 0 fre d</controlfield>
  <datafield tag="037" ind1=" " ind2=" ">
    <subfield code="b">Don de l' auteur</subfield>
  </datafield>
  <datafield tag="039" ind1=" " ind2=" ">
    <subfield code="a">20180220101602.0</subfield>
    <subfield code="b">Marie Goretti  Ndayizeye</subfield>
  </datafield>
  <datafield tag="040" ind1=" " ind2=" ">
    <subfield code="a">BI-BuBU</subfield>
    <subfield code="b">fre</subfield>
    <subfield code="c">BI-BuBU</subfield>
  </datafield>
  <datafield tag="041" ind1="0" ind2=" ">
    <subfield code="a">fre</subfield>
  </datafield>
  <datafield tag="080" ind1=" " ind2=" ">
    <subfield code="a">633.73</subfield>
  </datafield>
  <datafield tag="100" ind1="1" ind2=" ">
    <subfield code="4">aut.</subfield>
    <subfield code="a">Ndabarushimana, Alexis</subfield>
  </datafield>
  <datafield tag="245" ind1="1" ind2="0">
    <subfield code="a">Innovations techniques caf&#xE9;icoles et d&#xE9;veloppement rural : &#xE9;tude du cas de l'          exp&#xE9;rience burundaise &#xE0; travers l' exemple de la f&#xE9;d&#xE9;ration BONAKURE de la province Kayanza au nord du Burundi</subfield>
    <subfield code="c">Alexis  Ndabarushimana ; Youzan Baha Bi, directeur</subfield>
  </datafield>
  <datafield tag="260" ind1=" " ind2=" ">
    <subfield code="a">Abidjan-Cocody</subfield>
    <subfield code="b">Universit&#xE9; F&#xE9;lix Houphou&#xEB;t Boigny, Institut d' Ethnosociologie</subfield>
    <subfield code="c">2014</subfield>
  </datafield>
  <datafield tag="300" ind1=" " ind2=" ">
    <subfield code="a">XXXii-371 p</subfield>
    <subfield code="c">30 cm.</subfield>
  </datafield>
  <datafield tag="502" ind1=" " ind2=" ">
    <subfield code="a">Th&#xE8;se unique de Doctorat en Sociologie pour l' obtention du titre de Docteur  en sociologie</subfield>
  </datafield>
  <datafield tag="650" ind1=" " ind2="7">
    <subfield code="2">BI-BuBU</subfield>
    <subfield code="a">Caf&#xE9;. cultue</subfield>
    <subfield code="x">Innovation technique: D&#xE9;veloppement rural</subfield>
    <subfield code="z">Kayanza (Province)</subfield>
  </datafield>
  <datafield tag="650" ind1=" " ind2="7">
    <subfield code="2">BI-BuBU</subfield>
    <subfield code="a">Caf&#xE9;iculture : Innovation technique : D&#xE9;veloppement rural</subfield>
    <subfield code="z">Kayanza( Province)</subfield>
  </datafield>
  <datafield tag="700" ind1="1" ind2=" ">
    <subfield code="4">dir.</subfield>
    <subfield code="a">Haba Bi, Youzan</subfield>
  </datafield>
  <datafield tag="710" ind1=" " ind2=" ">
    <subfield code="a">Universit&#xE9; F&#xE9;lix Houphou&#xEB;t Boigny</subfield>
    <subfield code="b">Institut d' Ethnosocioloie</subfield>
  </datafield>
  <datafield tag="942" ind1=" " ind2=" ">
    <subfield code="2">udc</subfield>
    <subfield code="c">THESE</subfield>
  </datafield>
  <datafield tag="999" ind1=" " ind2=" ">
    <subfield code="c">37753</subfield>
    <subfield code="d">37753</subfield>
  </datafield>
  <datafield tag="952" ind1=" " ind2=" ">
    <subfield code="0">0</subfield>
    <subfield code="1">0</subfield>
    <subfield code="2">udc</subfield>
    <subfield code="4">0</subfield>
    <subfield code="7">1</subfield>
    <subfield code="9">56325</subfield>
    <subfield code="b">BC</subfield>
    <subfield code="d">2018-02-20</subfield>
    <subfield code="e">Don de l' auteur</subfield>
    <subfield code="l">0</subfield>
    <subfield code="o">633.73NDA.2014</subfield>
    <subfield code="p">5010000363017</subfield>
    <subfield code="r">2018-02-20</subfield>
    <subfield code="t">1</subfield>
    <subfield code="w">2018-02-20</subfield>
    <subfield code="y">THESE</subfield>
    <subfield code="a">BC</subfield>
  </datafield>
</record>
